<?xml version="1.0" encoding="UTF-8"?>
<record
    xmlns:xsi="http://www.w3.org/2001/XMLSchema-instance"
    xsi:schemaLocation="http://www.loc.gov/MARC21/slim http://www.loc.gov/standards/marcxml/schema/MARC21slim.xsd"
    xmlns="http://www.loc.gov/MARC21/slim">

  <leader>02725nam a2200325uu 4500</leader>
  <controlfield tag="001">1549721</controlfield>
  <controlfield tag="005">20260508094255.0</controlfield>
  <controlfield tag="007">cr|||||||</controlfield>
  <controlfield tag="008">200904s2020                        spa  </controlfield>
  <datafield tag="035" ind1=" " ind2=" ">
    <subfield code="a">1549721</subfield>
  </datafield>
  <datafield tag="040" ind1=" " ind2=" ">
    <subfield code="c">comduadb</subfield>
  </datafield>
  <datafield tag="041" ind1=" " ind2=" ">
    <subfield code="a">spa</subfield>
  </datafield>
  <datafield tag="080" ind1=" " ind2=" ">
    <subfield code="a">T/CD</subfield>
  </datafield>
  <datafield tag="100" ind1="1" ind2="0">
    <subfield code="a">Echeverri Echeverri, Estefan&#xED;a</subfield>
    <subfield code="4">aut</subfield>
    <subfield code="e">aut</subfield>
    <subfield code="9">802882</subfield>
  </datafield>
  <datafield tag="245" ind1="1" ind2="0">
    <subfield code="a">Estudio del contrato psicol&#xF3;gico en dos unidades de emprendimiento de la ciudad de Medell&#xED;n, ciudad 4RI</subfield>
  </datafield>
  <datafield tag="260" ind1=" " ind2=" ">
    <subfield code="a">Medell&#xED;n :</subfield>
    <subfield code="b">Autores (as),</subfield>
    <subfield code="c">2020.</subfield>
  </datafield>
  <datafield tag="300" ind1=" " ind2=" ">
    <subfield code="a">113 p.</subfield>
    <subfield code="f">1 PDF</subfield>
  </datafield>
  <datafield tag="520" ind1="3" ind2=" ">
    <subfield code="a">La precarizaci&#xF3;n laboral, el aumento del trabajo informal y la inserci&#xF3;n de nuevos mercados laborales como el outsourcing y el teletrabajo han transformado los contextos organizacionales actuales, inscribi&#xE9;ndolos a condiciones de competici&#xF3;n, tecnologizaci&#xF3;n y   globalizaci&#xF3;n, ambientes en donde la creatividad y la innovaci&#xF3;n se hacen indispensables.
El emprendimiento es uno de los nuevos mercados que ha venido mostrando cifras favorables para la econom&#xED;a del pa&#xED;s y que a su vez trabaja con eficacia, innovaci&#xF3;n y creatividad dentro de los diferentes sectores econ&#xF3;micos. La relaci&#xF3;n que tienen los emprendedores con su idea de negocio en t&#xE9;rminos de expectativas e intereses es estudiada a partir del concepto contrato psicol&#xF3;gico, que ha sido abordado en otros sectores organizacionales directamente hacia los empleados y el empleador. Sin embargo, en esta investigaci&#xF3;n se describen las caracter&#xED;sticas del contrato psicol&#xF3;gico que desarrollan 6 agentes emprendedores de la ciudad de Medell&#xED;n, a partir de un an&#xE1;lisis de estudio de caso que permite la comprensi&#xF3;n de la formaci&#xF3;n, la funci&#xF3;n y el contenido que tiene el emprendimiento en la vida de los participantes. 
La autoeficacia, la propensi&#xF3;n al riesgo y la proactividad se mostraron como variables cognitivas con presencia significativa en los discursos de los participantes, determinando con esto el contenido de su contrato psicol&#xF3;gico y por ende su relaci&#xF3;n con su idea de emprendimiento, caracter&#xED;sticas que son apoyadas y movilizadas por las instituciones que impulsan los emprendimientos en especial la Unidad de Innovaci&#xF3;n de la Universidad de Antioquia y Parque E.</subfield>
  </datafield>
  <datafield tag="650" ind1=" " ind2=" ">
    <subfield code="a">Contrato psicol&#xF3;gico</subfield>
    <subfield code="9">140319</subfield>
  </datafield>
  <datafield tag="650" ind1=" " ind2=" ">
    <subfield code="a">Mercado laboral - Medell&#xED;n</subfield>
    <subfield code="9">73826</subfield>
  </datafield>
  <datafield tag="650" ind1=" " ind2=" ">
    <subfield code="a">Creatividad e innovaci&#xF3;n</subfield>
    <subfield code="9">197352</subfield>
  </datafield>
  <datafield tag="650" ind1=" " ind2="7">
    <subfield code="a">Emprendimiento</subfield>
    <subfield code="2">armarc</subfield>
    <subfield code="9">152724</subfield>
  </datafield>
  <datafield tag="650" ind1=" " ind2=" ">
    <subfield code="a">Emprendedores</subfield>
    <subfield code="9">132339</subfield>
  </datafield>
  <datafield tag="700" ind1="1" ind2="0">
    <subfield code="a">Virg&#xFC;ez Palomino, Yeison Eduardo</subfield>
    <subfield code="4">aut</subfield>
    <subfield code="e">aut</subfield>
    <subfield code="9">803261</subfield>
  </datafield>
  <datafield tag="700" ind1="1" ind2="0">
    <subfield code="a">Zuluaga Callejas, Mar&#xED;a Isabel</subfield>
    <subfield code="4">ths</subfield>
    <subfield code="e">ths</subfield>
    <subfield code="9">792404</subfield>
  </datafield>
  <datafield tag="856" ind1="4" ind2=" ">
    <subfield code="u">http://bibliotecadigital.udea.edu.co/handle/10495/16601</subfield>
  </datafield>
  <datafield tag="942" ind1=" " ind2=" ">
    <subfield code="c">TESIS</subfield>
  </datafield>
  <datafield tag="999" ind1=" " ind2=" ">
    <subfield code="c">824081</subfield>
    <subfield code="d">824081</subfield>
  </datafield>
  <datafield tag="502" ind1=" " ind2=" ">
    <subfield code="b">105</subfield>
    <subfield code="c">12</subfield>
  </datafield>
  <datafield tag="526" ind1=" " ind2=" ">
    <subfield code="a">106</subfield>
  </datafield>
  <datafield tag="952" ind1=" " ind2=" ">
    <subfield code="0">0</subfield>
    <subfield code="1">0</subfield>
    <subfield code="4">0</subfield>
    <subfield code="7">0</subfield>
    <subfield code="8">DIGITAL</subfield>
    <subfield code="a">CISH</subfield>
    <subfield code="b">CISH</subfield>
    <subfield code="d">2020-09-04</subfield>
    <subfield code="e">Material adquirido por donaci&#xF3;n</subfield>
    <subfield code="i">C13308611</subfield>
    <subfield code="l">0</subfield>
    <subfield code="o">T/CD-14109</subfield>
    <subfield code="r">2023-05-05 00:00:00</subfield>
    <subfield code="t">1</subfield>
    <subfield code="w">2023-05-05</subfield>
    <subfield code="y">INTER</subfield>
  </datafield>
</record>
